000 00338nam a22001217a 4500
008 230703b xxu||||| |||| 00| 0 eng d
082 _a342.16
_bIPU 1980
245 _a Constitutional and Parliamentary Information
260 _bAssociation of Secretaries General of Parliaments
_c1980
300 _a53p
440 _n121
942 _2ddc
_cBK
999 _c3540
_d3540